Statistics for Heves megye települései

Click here to take the quiz!

General Stats

  • This quiz has been taken 5 times
  • The average score is 20 of 123

Answer Stats

Válaszok% Correct
Eger
75%
Gyöngyös
75%
Heves
75%
Hatvan
50%
Adács
25%
Aldebrő
25%
Andornaktálya
25%
Apc
25%
Átány
25%
Balaton
25%
Bélapátfalva
25%
Boconád
25%
Boldog
25%
Bükkszenterzsébet
25%
Detk
25%
Domoszló
25%
Dormánd
25%
Ecséd
25%
Egerbakta
25%
Egercsehi
25%
Egerszalók
25%
Erdőtelek
25%
Erk
25%
Feldebrő
25%
Füzesabony
25%
Gyöngyöshalász
25%
Gyöngyösoroszi
25%
Gyöngyössolymos
25%
Gyöngyöstarján
25%
Halmajugra
25%
Hevesaranyos
25%
Hevesvezekény
25%
Hort
25%
Ivád
25%
Kál
25%
Kápolna
25%
Karácsond
25%
Kerecsend
25%
Kisköre
25%
Kompolt
25%
Lőrinci
25%
Mikófalva
25%
Nagyfüged
25%
Nagyút
25%
Noszvaj
25%
Novaj
25%
Parád
25%
Parádsasvár
25%
Pély
25%
Pétervására
25%
Poroszló
25%
Recsk
25%
Rózsaszentmárton
25%
Sirok
25%
Szajla
25%
Szarvaskő
25%
Szilvásvárad
25%
Szúcs
25%
Szűcsi
25%
Tarnabod
25%
Tarnalelesz
25%
Tarnaméra
25%
Tarnaörs
25%
Tarnaszentmária
25%
Tarnazsadány
25%
Tenk
25%
Tiszanána
25%
Tófalu
25%
Vámosgyörk
25%
Visonta
25%
Visznek
25%
Zaránk
25%
Abasár
0%
Atkár
0%
Bánkút
0%
Bátor
0%
Bekölce
0%
Besenyőtelek
0%
Bodony
0%
Bükkszék
0%
Bükkszentmárton
0%
Csány
0%
Demjén
0%
Egerbocs
0%
Egerfarmos
0%
Egerszólát
0%
Erdőkövesd
0%
Fedémes
0%
Felsőtárkány
0%
Gyöngyöspata
0%
Heréd
0%
Istenmezeje
0%
Kerekharaszt
0%
Kisfüzes
0%
Kisnána
0%
Kömlő
0%
Ludas
0%
Maklár
0%
Markaz
0%
Mátraballa
0%
Mátraderecske
0%
Mátraszentimre
0%
Mezőszemere
0%
Mezőtárkány
0%
Mónosbél
0%
Nagykökényes
0%
Nagyréde
0%
Nagytálya
0%
Nagyvisnyó
0%
Ostoros
0%
Pálosvörösmart
0%
Petőfibánya
0%
Pusztafogacs
0%
Sarud
0%
Szentdomonkos
0%
Szihalom
0%
Tarnaszentmiklós
0%
Terpes
0%
Újlőrincfalva
0%
Váraszó
0%
Vécs
0%
Verpelét
0%
Zagyvaszántó
0%

Score Distribution

Percentile by Number Answered

Percent of People with Each Score

Your Score History

You have not taken this quiz